Top 20 countries with the lowest life expectancy - Statistieken

Algemene statistieken
  • Deze quiz is 5 keer genomen
  • De gemiddelde score is 13 van 20
Antwoordstatistieken
jaar Country % Correct
63.97 Burundi
100%
57.9 Central African Republic
100%
60.89 Mali
100%
61.14 Benin
80%
61.66 Niger
80%
54.78 Nigeria
80%
63.14 Togo
80%
61.47 Burkina Faso
60%
55.43 Chad
60%
62.23 Democratic Republic of the Congo
60%
61.06 Guinea
60%
62.47 Liberia
60%
63.97 Mozambique
60%
57.85 South Sudan
60%
62.28 Ivory Coast
40%
58.22 Lesotho
40%
62.15 Sierra Leone
40%
59.11 Somalia
40%
63.35 Zimbabwe
40%
62.44 Nauru
20%
Geen overeenkomende quizzen gevonden
Scoreverdeling
Procent van Mensen met Elke Score
Percentiel versus Aantal Correcte Antwoorden
Uw Scoregeschiedenis
U heeft deze quiz nog niet genomen